Arquitectura contemporánea en Alemania 1970-1996, 50 construcciones

Kaydedildi:
Detaylı Bibliyografya
Yazar: Bruyn, Gerd de (Yazar)
Materyal Türü: Kitap
Dil:İspanyolca
Baskı/Yayın Bilgisi: Bonn Inter Nationes 1997
Konular:
Etiketler: Etiketle
Etiket eklenmemiş, İlk siz ekleyin!

MARC

LEADER 00000nam a2200000 a 4500
001 UCO9476
003 CL-VaPUC
008 010302e19970000GW |||||||||||||||||spa|d
082 0 4 |a 724.6  |b BRU  |2 21 
100 0 |a Bruyn, Gerd de  |e author  |9 454659 
245 1 0 |a Arquitectura contemporánea en Alemania 1970-1996, 50 construcciones 
300 |a 136 p 
942 |c BK 
945 |d 20010302 00:00:00  |a cmena 
260 |a Bonn  |b Inter Nationes  |c 1997 
650 0 |a Arquitectura alemana   |9 369882 
650 0 |a Arquitectura contemporánea  |9 367350 
650 0 |a Edificios   |9 260501 
583 |a last modification  |c 20010302 00:00:00  |k Rodrigo Vera 
999 |c 293682  |d 293680 
952 |0 0  |1 0  |4 0  |6 724_600000000000000_BRU_1997  |7 0  |8 A  |9 345371  |a BIBARQ  |b BIBARQ  |d 2019-11-20  |i 3673197  |l 1  |o 724.6 BRU 1997  |p 3673197  |r 2025-01-20  |s 2022-10-06  |w 2019-11-20  |y BK  |k ARQ